000 00588cam a2200181 i 4500
005 20251210101526.0
008 250721s2005 ua gr 000 0 ara d
082 1 4 _a216.31
_bم خ ت
100 1 _aمختار، نعمات
_eمؤلف.
245 1 0 _aالتأمين التجاري و التأمين الإسلامي /
264 3 1 _aالاسكندرية :
_bالمكتب الجامعي للنشر،
_c2005.
300 _a411صفحه.
650 1 7 _aالفقه الإسلامي.
650 1 7 _aالتأمين.,
650 1 7 _aالعقود
942 _2ddc
_cBK
999 _c96531
_d96531